00581nam a2200217Ia 4500003000900000008004100009020002200050040001600072080001300088100002000101245007800121250001200199260004000211300001300251650002100264650002300285650001100308650001400319700001500333700001500348IN-BaIIA211028s9999 xx 000 0 eng d a978-0-470-01784-5 cIIA Library a535bSMI aGraham-Smith, F 0aOptics and photonicsban introductioncF. Graham Smith and Terry A. King. a2nd ed. aChichesterbJohn Wiley & Sonsc2007 ax, 506p. aGeomatric optics aLight - properties aOptics aPhotonics aKing, T. A aWilkins, D